| 000 | 01428nam a22003977a 4500 | ||
|---|---|---|---|
| 003 | CHAP | ||
| 005 | 20220329141440.0 | ||
| 008 | 971013s1986 r 00010 d | ||
| 010 | _a68325 | ||
| 011 | _a69297 | ||
| 035 | _a78773 | ||
| 040 | _cCHAP | ||
| 090 | _aFolleto 11021y | ||
| 100 | 0 | 0 |
_aLanner, Ronald M. _964786 |
| 245 | 1 | _aPatrones de desarrollo de brotes en Pinus y su relación con el crecimiento potencial | |
| 260 |
_aChapingo, Méx. : _bUACH. División de Ciencias Forestales, _c1986 |
||
| 300 |
_a29 p. _b: ilus. |
||
| 490 | _aSerie de apoyo académico, 19 | ||
| 500 | _a27-210 | ||
| 500 | _ac.4 en colec. UACH-CP | ||
| 590 |
_aBATCH-UPD _b10 _c20130110 _lUCH01 _h0339 |
||
| 590 |
_aBATCH-UPD _b10 _c20130110 _lUCH01 _h2003 |
||
| 590 |
_aBATCH-UPD _b10 _c20130410 _lUCH01 _h0013 |
||
| 590 |
_aBATCH-UPD _b10 _c20130410 _lUCH01 _h1509 |
||
| 590 |
_aBATCH-UPD _b10 _c20130914 _lUCH01 _h1714 |
||
| 590 |
_aCONVERSION _b10 _c20130109 _lUCH01 _h1338 |
||
| 650 | 1 | 4 |
_aPináceas _xCrecimiento. _988225 |
| 700 | 0 |
_aZavala Chávez, Fernando. _9123771 |
|
| 830 | 0 |
_aSerie de apoyo académico, 19 _9104683 |
|
| 901 | _aBK | ||
| 942 | _cFOLL | ||
| 949 |
_aFolleto 11021y _bBC _cFOLL _d-31648 _eTS1 _i78773 _mD _si |
||
| 949 |
_aFolleto 11021y _bBC _cFOLL _d-94036 _eTS2 _fc.2 _i78773 _mD _si |
||
| 949 |
_aFolleto 11021y _bBC _cFOLL _d-94037 _eTS2 _fc.3 _i78773 _mD _si |
||
| 949 |
_aFolleto 11021y _bBC _cUACH _d-94038 _eUACH _fc.4 _i78773 _mD _si |
||
| 999 |
_c68325 _d68325 |
||